American history : A survey
Gardado en:
| Autor Principal: | |
|---|---|
| Formato: | Libro |
| Idioma: | Undetermined |
| Publicado: |
Boston
McGraw-Hill
2003
|
| Những chủ đề: | |
| Các nhãn: |
Engadir etiqueta
Sen Etiquetas, Sexa o primeiro en etiquetar este rexistro!
|
| Thư viện lưu trữ: | Trung tâm Học liệu Trường Đại học Cần Thơ |
|---|
| LEADER | 00493nam a2200205Ia 4500 | ||
|---|---|---|---|
| 001 | CTU_125836 | ||
| 008 | 210402s9999 xx 000 0 und d | ||
| 020 | |c 42.21 | ||
| 082 | |a 973 | ||
| 082 | |b A512/Vol.1 | ||
| 100 | |a Brinkley, Alan | ||
| 245 | 0 | |a American history : | |
| 245 | 2 | |b A survey | |
| 260 | |a Boston | ||
| 260 | |b McGraw-Hill | ||
| 260 | |c 2003 | ||
| 650 | |a United States | ||
| 650 | |x History | ||
| 904 | |i Giang | ||
| 980 | |a Trung tâm Học liệu Trường Đại học Cần Thơ | ||